Hormonoterapia en ginecología (Record no. 147263)

MARC details
000 -LEADER
campo de control de longitud fija 00635nam a2200193 i 4500
001 - NÚMERO DE CONTROL
campo de control 147263
003 - IDENTIFICADOR DE NÚMERO DE CONTROL
campo de control ES-MaACL
005 - FECHA Y HORA DE LA ÚLTIMA TRANSACCIÓN
campo de control 20230906201914.0
007 - CAMPO FIJO DE DESCRIPCIÓN FÍSICA--INFORMACIÓN GENERAL
campo de control de longitud fija t|
008 - DATOS DE LONGITUD FIJA--INFORMACIÓN GENERAL
campo de control de longitud fija 070925s1960 sp a |||| | spa d
080 ## - NÚMERO DE LA CLASIFICACIÓN DECIMAL UNIVERSAL
Número de la Clasificación Decimal Universal 618.1-085.361
100 1# - ENTRADA PRINCIPAL--NOMBRE DE PERSONA
Nombre de persona Ufer, Joachim.
9 (RLIN) 111877
245 10 - MENCIÓN DEL TÍTULO
Título Hormonoterapia en ginecología
Resto del título : fundamentos y práctica /
Mención de responsabilidad, etc. Joachim Ufer ; [traducción, Francisco Ruiz Albrecht].
260 ## - PUBLICACIÓN, DISTRIBUCIÓN, ETC.
Lugar de publicación, distribución, etc. Madrid :
Nombre del editor, distribuidor, etc. Alhambra,
Fecha de publicación, distribución, etc. 1960.
300 ## - DESCRIPCIÓN FÍSICA
Extensión XI, 160 p. :
Otras características físicas il ;
Dimensiones 25 cm.
650 14 - PUNTO DE ACCESO ADICIONAL DE MATERIA--TÉRMINO DE MATERIA
Término de materia o nombre geográfico como elemento de entrada Mujeres-
Subdivisión general Enfermedades-
-- Hormonoterapia.
9 (RLIN) 15273
700 1# - ENTRADA AGREGADA--NOMBRE PERSONAL
Nombre de persona Ruiz Albrecht, Francisco.
9 (RLIN) 100640
852 ## - LOCALIZACIÓN
Ubicación ES-MaACL
Número de control de estantería C-19190
Holdings
Estatus retirado Estado de pérdida Estado de daño No para préstamo Biblioteca de origen Biblioteca actual Ubicación en estantería Fecha de adquisición Fuente de adquisición Total de préstamos Signatura topográfica completa Código de barras Visto por última vez Precio de reemplazo Tipo de ítem Koha
        Biblioteca del Ateneo de Madrid Biblioteca del Ateneo de Madrid Galería 17/01/2008     C-19190 1153681 23/02/2023 23/02/2023 Libro impreso